| 000 | 00557cam a22002051i 4500 | ||
|---|---|---|---|
| 001 | he 68002016 | ||
| 003 | DLC | ||
| 005 | 20260227111500.0 | ||
| 008 | 860815s1968 is 000 1 yid | ||
| 010 | _ahe 68002016 | ||
| 035 | _a(OCoLC)19315515 | ||
| 040 |
_aDLC _cMH _dCU _dDLC |
||
| 042 | _apremarc | ||
| 050 | 0 | 0 |
_aPJ5129.K298 _bV4 |
| 100 | 1 | _aKarmiol, Wolf. | |
| 245 | 1 | 0 |
_aṾegener tsien tsum sof ṿelṭ : _bdertseylungen / _cṾolf Ḳarmiol. |
| 260 |
_aTel Aviv : _bMenorah, _c1968. |
||
| 300 |
_a296 p. ; _c22 cm. |
||
| 752 |
_aIsrael _dTel Aviv |
||
| 999 |
_c33475 _d33475 |
||